000 00619nam a2200205Ia 4500
001 15132
003 GE_BSU
008 181216s||||||||xx |||||||||||||| ||und||
040 _cGE_BSU
080 _a517.57
100 _aВинер, Норберт
245 _aИнтеграл Фурье и некоторые его приложения
245 _cПер. с англ.Н.Я.Виленкина
260 _aМосква
260 _bГосиздат
260 _c1963
300 _a254стр.20см.
653 _aИнтеграл Фурье и некоторые его приложения
942 _cBK
999 _c48248
_d48248